Ženy a mzdová diskriminace
Teoretické vysvetlenie mzdovej diskriminácie žien. Mzdová nerovnosť žien vo vybraných vyspelých ekonomikách. Analýza mzdových podmienok žien v Českej republike. Mzdová diferenciácia mužov a žien v Česku.
Saved in:
| Main Author: | |
|---|---|
| Format: | Book Chapter |
| Language: | Czech |
| Subjects: | |
| Tags: |
No Tags, Be the first to tag this record!
|
MARC
| LEADER | 00000naa a2200000 4500 | ||
|---|---|---|---|
| 001 | r034121 | ||
| 005 | 20231002105448.8 | ||
| 041 | 0 | |a cze | |
| 044 | |a CZ | ||
| 245 | 1 | 0 | |a Ženy a mzdová diskriminace |c Zuzana Dvořáková |
| 520 | |a Teoretické vysvetlenie mzdovej diskriminácie žien. Mzdová nerovnosť žien vo vybraných vyspelých ekonomikách. Analýza mzdových podmienok žien v Českej republike. Mzdová diferenciácia mužov a žien v Česku. | ||
| 610 | 2 | 0 | |a diferenciácia mzdová |
| 610 | 2 | 0 | |a ženy |
| 610 | 2 | 0 | |a diskriminácia |
| 610 | 2 | 0 | |a trh práce |
| 610 | 2 | 0 | |a vzdelanie |
| 610 | 2 | 0 | |a Česko |
| 610 | 2 | 0 | |a Európska únia |
| 100 | 1 | |a Dvořáková, Zuzana | |